000 03786nab a2200301 i 4500
003 BR-BrBNA
005 20230821153110.0
008 230529b2020 bl.ar|pooa||| 00| 0 por |
040 _aBR-BrBNA
_bpor
072 _aF03
072 _aH20
100 _aCysne, Alex Queiroz
100 _aLopes, Ricardo
100 _aCunha, Raimundo Nonato Vieira da
245 _aTratamento sanitário e qualidade fisiológica de sementes de palma-de-óleo recém-colhidas e armazenadas submetidas a diferentes fungicidas
500 _aPublicação on-line; 32 ref.; 1 table; 3 illus.; Summaries (En, Pt)
520 _aA qualidade sanitária e a qualidade fisiológica de sementes de Palma-de-Óleo é essencial para o estabelecimento de áreas de plantio. Assim, objetivou-se testar diferentes fungicidas quanto ao seu efeito sobre a população de fungos presente em sementes de Palma-de-Óleo, recém colhidas e armazenadas por seis meses. A análise sanitária das sementes foi realizada pelo método de incubação em papel filtro (Blotter Test). Os princípios ativos testados foram Carboxina + Tiram, Carbendazim, Cloridrato de Cartape, Clorotalonil + Tiofanato-metílico, Pencicurom e Tebuconazol + Trifloxistrobina, acrescido de uma testemunha (sem aplicação). O delineamento utilizado foi o inteiramente casualizado em esquema fatorial 7 (tratamentos) x 2 (tempos), com dez repetições. O produto a base de Clorotalonil+Tiofanato-metílico reduziu significativamente a incidência de fungos em sementes de Palma-de-Óleo nas duas épocas avaliadas. O princípio ativo Tebuconazol+Trifloxistrobina obteve resultados satisfatórios ao reduzir a população de fungos em sementes de Palma-de-Óleo analisadas imediatamente após colheita. Palavras-chave: Dendezeiro, Elaeis guineensis, fungos, manejo, princípios ativos.
520 _aHealth treatment and physiological quality of Oil palm seeds newly harvested and stored submitted to different fungicides. The sanitary quality and the physiological quality of oil palm seeds are essential for the establishment of planting areas. Thus, the objective was to test different fungicides for their effect on the population of fungi present in oil palm seeds, freshly harvested and stored for six months. The seed health analysis was conducted by the method of incubation on paper filter (Blotter test). The active principles tested were Carboxine + Tiram, Carbendazim, Cartape Hydrochloride, Chlorothalonil + Thiophanatemethyl, Pencicurom and Tebuconazole + Trifloxystrobin, plus a control (no application). The design was completely randomized in factorial 7 (treatments) x 2 (times), with ten replications. The product based on Chlorothalonil + Thiophanate-methyl reduced significantly the incidence of fungi in oil palm seeds in the two evaluated periods. The active principle Tebuconazol + Trifloxystrobin obtained satisfactory results when reducing the fungus population in oil palm seeds analyzed immediately after harvest. Key words: Active principles, Elaeis guineensis, fungi, management, oil palm.
650 _aDENDÊ
650 _aELAEIS GUINEENSIS
650 _aFUNGO
650 _aMANEJO
773 0 _01823
_96918
_dItabuna-BA Comissão Executiva do Plano de Lavoura Cacaueira 1989
_o2023-124816
_tAgrotrópica (Brazil)
_x0103-3816
_gv. 32(2) p. 119-126; (May-Aug 2020)
_wBR2023000591
856 _uhttps://www.gov.br/agricultura/pt-br/assuntos/ceplac/publicacoes/revista-agrotropica/artigos/2020-DOI-10.21757/0103-3816-2020v32n2p119-126.pdf
856 _uhttps://www.gov.br/agricultura/pt-br/assuntos/ceplac/publicacoes/revista-agrotropica/revista-volumes/2000-a-2010/revista-agrotropica-vol-32-no-2-2020.pdf
942 _cAnalítica
999 _c9245
_d9245